000 00516nam a2200217Ia 4500
003 OSt
005 20221005123847.0
006 a|||||r|||| 00| 0
007 ta
008 221004b |||||||| |||| 00| 0 snd d
024 _a7022
037 _cTextual
040 _aCRL
_cCRL
_bsnd
041 _2snd
_asnd
082 _aR65, 1593K5
100 _aHiranandani
_9154138
245 0 _aMan Cha Ahyun
260 _c1965
942 _hR65, 1593K5
_cTEXL
_2cc
999 _c1048720
_d1048720